tough love by gracie abrams lyrics - Statistiques

Statistiques générales
  • Ce quiz a été pris 101 fois
  • Le résultat moyen est 362 sur 472
Statistiques - réponses
Réponse % Correct
I
100%
to
100%
a
98%
and
97%
And
97%
it,
97%
it
97%
me
95%
love
93%
tough
93%
he
92%
no,
92%
No
92%
No,
92%
the
92%
The
92%
when
92%
When
92%
I'm
90%
it's
90%
just
90%
But,
89%
but
89%
But
89%
for
89%
hate
89%
He's
89%
he's
89%
him
89%
mean
89%
my
89%
night
89%
not
89%
Not
89%
that
89%
took
89%
Boston
87%
go
87%
his
87%
leavin'
87%
of
87%
ran
87%
train
87%
we
87%
gone,
85%
leave
85%
on
85%
one
85%
really
85%
Saturday
85%
that's
85%
what
85%
cry
84%
friends
84%
in
84%
like
84%
wanted
84%
be
82%
boy
82%
is
82%
fight,
80%
fight
80%
jacket
80%
know
80%
so
80%
This
80%
twenty-four,
80%
all
79%
more
79%
more,
79%
boys
77%
full
77%
honestly,
77%
I'll
77%
side
77%
strangers
77%
summer
77%
with
77%
yeah,
77%
date
74%
funny
74%
rip
74%
until
74%
bored
72%
chance
72%
might
72%
second
72%
sucks
72%
than
72%
them
72%
call
70%
left
70%
left,
70%
men
70%
always
69%
bleedin'
69%
random
69%
waste
69%
whatever,
69%
guess
67%
I'd
67%
now
67%
Couldn't
66%
'em
66%
tried
66%
twenties
66%
bluff
64%
there
64%
charmed
62%
laughed
61%
feel
59%
Said
59%
smarter
59%
tougher
59%
cooler
57%
met
56%
miss
56%
gonna
54%
She
54%
she
54%
way
54%
Her
52%
intellect
52%
lucky,
52%
you're
52%
bed
51%
had
51%
kick
51%
Oh,
51%
pieces
51%
sister
51%
weird
51%
effect
49%
receive
49%
sleepin'
49%
while
49%
boyfriends
48%
college,
48%
I've
48%
see
48%
shitty
48%
drinking
46%
if
46%
she's
44%
by
43%
ego,
43%
nights
43%
own
43%
got
41%
he'd
41%
thinking
41%
shallow
39%
At
38%
back
38%
direct
38%
float
38%
damn
36%
harsh
36%
Mm
36%
reasons
36%
crumble
34%
old
34%
right?
34%
river
34%
tell
34%
there's
34%
Through
34%
inflated
33%
walkin'
33%
home,
31%
tempting
31%
their
31%
truth
31%
boats
30%
kinda
30%
stop
30%
wasted
30%
bar
28%
binge
28%
down
28%
gave
28%
road
28%
someone
28%
somewhere
28%
He'll
26%
you'd
26%
Charles
25%
denying
25%
liked
25%
Ooh
23%
benches
18%
Aucun quiz correspondant
Distribution des résultats
% des personnes avec chaque résultat
Percentile par nombre de réponses
Votre historique - résultats
Vous n’avez pas pris ce quiz